| 000 | 01157nmm a2200349 a 4500 | ||
|---|---|---|---|
| 001 | ocm0002347509 | ||
| 003 | TR-IsHL | ||
| 005 | 20201028185425.0 | ||
| 008 | 190817s2010 tu tur | ||
| 007 | cr cn | ||
| 020 | _a9789756138496 | ||
| 035 |
_a2347509 _b(N$T) |
||
| 050 | 0 | 4 |
_aBP80.H24 _bK65 2010 |
| 090 | 0 | 4 |
_aBP80.H24 _bK65 2010 |
| 100 | 1 | _aKöktaş, Yavuz | |
| 245 | 1 | 0 |
_aİlk dönem sufileri ve hadis: Hakîm et-Tirmizî örneği _h[electronic resource] / _cYavuz Köktaş |
| 250 | _aBirinci Basım | ||
| 260 |
_aİstanbul : _bGelenek Yayıncılık, _c2010 |
||
| 300 | _a200 p. | ||
| 500 | _aKaynakça ve dizin var | ||
| 650 | 4 | _aFelsefe, Psikoloji ve Din | |
| 650 | 4 | _aPhilosophy, Psychology and Religion | |
| 650 | 0 | _aHâkim Et-Tirmizî, -898 | |
| 650 | 0 |
_aMüslüman alimler _x Biyografi |
|
| 650 | 0 |
_aMuslim saints _x Biography |
|
| 650 | 0 |
_aSufiler _x Biyografi |
|
| 650 | 0 |
_aSufis _x Biography |
|
| 650 | 0 |
_aSufiler _x Hadis |
|
| 650 | 0 |
_aSufis _x Hadith |
|
| 650 | 7 |
_aRELIGION / Islam / Sufi _2bisacsh |
|
| 856 | 4 | 0 | _uhttp://search.ebscohost.com/login.aspx?direct=true&scope=site&db=e011xww&AN=2347509 |
| 999 |
_c21458 _d21458 |
||